000
00293nam a22001337a 4500
008
180215b xxu||||| |||| 00| 0 eng d
020
_a
9781603891189
041
_a
eng
080
_a
37
100
_a
47
101
_a
EDU
245
_a
Reading analyzing nonfiction
_c
Slant,
942
_2
udc
_c
BK
999
_c
42691
_d
42691